000 01746cam a2200169 4500500
005 20260111104952.0
041 _afre
042 _adc
100 1 0 _aJ. Flanagan, Stephen
_eauthor
245 0 0 _aLes relations de sécurité transatlantiques sous le second mandat de George W. Bush
260 _c2005.
500 _a48
520 _aRésuméLe ton et l’atmosphère du discours transatlantique se sont nettement améliorés au cours des derniers mois. Il faudra cependant corriger les divergences persistantes en matière de perception des menaces, de stratégie et de priorités militaires pour nourrir une pleine coopération. Malgré une convergence suffisante d’intérêts et d’appréciation, Washington restera hésitant à traiter l’Europe comme un partenaire à part entière tant qu’elle n’aura pas montré une volonté de s’impliquer davantage dans la gestion de la sécurité internationale.
520 _aA Fresh Start or Plus Ça Change? Transatlantic Security Relations in the Second Bush TermThe atmospherics and tone of transatlantic discourse have improved markedly in recent months. However, sustaining effective transatlantic security cooperation over the next decade will require narrowing lingering Europe-American differences over threat perceptions, strategy, and military priorities. If there is sufficient commonality of assessments and interests, Washington will remain reluctant to treat Europe as a full partner until it demonstrates a willingness to take on additional burdens of managing global security.
786 0 _nPolitique américaine | 2 | 2 | 2005-06-01 | p. 21-41 | 1771-8848
856 4 1 _uhttps://shs.cairn.info/revue-politique-americaine-2005-2-page-21?lang=fr&redirect-ssocas=7080
999 _c1631255
_d1631255